[Event "Zweibruecken PSB-ch HT5 82nd"]
[Site "Zweibruecken"]
[Date "2013.03.30"]
[Round "7"]
[White "Schmitt, Sebastian"]
[Black "Dirschnabel, Till"]
[Result "1-0"]
[WhiteElo "1171"]
[BlackElo "821"]
[PlyCount "65"]
[EventDate "2013.??.??"]
[EventType "swiss"]
[EventRounds "7"]
[EventCountry "GER"]
[SourceTitle "EXT 2014"]
[Source "ChessBase"]
[SourceDate "2013.11.20"]
[SourceVersion "1"]
[SourceVersionDate "2013.11.20"]
[SourceQuality "1"]

1. e4 e5 2. Nf3 Nc6 3. Be2 Nf6 4. d3 Bc5 5. Bg5 d6 6. Nc3 Bb4 7. 0-0 Bxc3 8. bxc3 h6 9. Bxf6 Qxf6 10. Rb1 Na5 11. d4 Bd7 12. Bb5 0-0-0 13. Qd3 Bxb5 14. Qxb5 b6 15. dxe5 dxe5 16. Rfd1 Qe6 17. Qxe5 Qxa2 18. Nd4 f6 19. Qf5+ Kb7 20. Ra1 Rxd4 21. cxd4 Qxc2 22. Rdc1 Qd2 23. Qd7 Rc8 24. Rcb1 Qc2 25. f3 Nb3 26. Qd5+ Qc6 27. Qxc6+ Kxc6 28. Rxb3 b5 29. Rxa7 Kb6 30. Rba3 b4 31. Ra1 b3 32. R7a3 b2 33. Rb3+ 1-0